| 000 | 00769nam a22002177a 4500 | ||
|---|---|---|---|
| 999 |
_c13499 _d13499 |
||
| 003 | AR-CdUCM | ||
| 008 | 190415b ||||| |||| 00| 0 spa d | ||
| 040 |
_aMUNICIPALIDAD PROVINCIAL DEL CUSCO _cBIBLIOTECA MUNICIPAL DEL CUSCO |
||
| 082 |
_a021.2 / _bC58 |
||
| 110 |
_aAsociación Civil Qosqo Maki _931941 |
||
| 245 |
_aWilly descubre la magia de Urpi : _bGuía para promotores de bibliotecas / |
||
| 260 |
_aCusco : _bAsociación Pukllasunchis, _c2009. |
||
| 300 |
_a29 páginas y 25 fichas ; _c21 cm. _bLaminas. |
||
| 505 | _aContenido : Historieta ,,, | ||
| 650 |
_aHistorieta _931942 |
||
| 650 |
_aPromotor de biblioteca _931943 |
||
| 650 |
_aEducación _9460 |
||
| 710 |
_aC.E.C. Guaman Poma de Ayala _931944 |
||
| 942 |
_2ddc _cLIBROS |
||
| 945 |
_arah _d15/04/2019 |
||